000 01206nam a2200337 i 4500
001 11195
003 KOSZ 005
005 20191109105842.0
008 080610s1964 pl a f f |000 0 pol
015 _aPB 1964/8519
035 _a(OCoLC)751033747
040 _aWA N
_cKOSZ 005/EG
_dKOSZ 005/EG
041 _apol
046 _k1964
080 _a621.7
080 _a(075)
100 1 _aPawłowski, Jerzy
_c(inżynier).
_eAutor
655 4 _aPodręczniki dla szkół zawodowych
650 4 _aTłocznictwo
999 _c11195
_d11195
999 _bRETROZLes
245 1 0 _aTłocznictwo /
_cJerzy Pawłowski ; [rozdz. 1-3 oprac. Stefan Zgorzelski].
250 _aWyd. 2.
260 _aWarszawa :
_bPaństwowe Wydawnictwo Szkolnictwa Zawodowego,
_c1964.
300 _a433, [1] s. :
_bil. ;
_c23 cm.
380 _aKsiążki.
504 _aBibliogr.
521 8 _aZatwierdzone przez Ministerstwo Oświaty dla techników mechaników specjalność przeróbka plastyczna kl. 4 i 5, również dla techników i inżynierów.
700 1 _aZgorzelski, Stefan.
_eOpracowanie
856 _uhttp://koha.tu.koszalin.pl/cgi-bin/koha/opac-detail.pl?biblionumber=11195
_yKatalog online BPK
942 _2UKD
_cKS